| 000 | 00445nam a22001577a 4500 | ||
|---|---|---|---|
| 003 | MACL | ||
| 005 | 20241215132154.0 | ||
| 008 | 241215b |||||||| |||| 00| 0 eng d | ||
| 040 | _cMACL | ||
| 082 | _a001 | ||
| 100 |
_akiran Institute of carrer exellence _983054 |
||
| 245 | _aRRB ALP 1st and 2nd stage solved papers | ||
| 260 |
_aDELHI _bKiran institute of carrer excellence _c2024 |
||
| 650 |
_aGeneral Studies _9276 |
||
| 942 |
_2ddc _cC. BOOKS |
||
| 999 |
_c67819 _d67819 |
||